| 000 | 00469nam a2200181Ia 4500 | ||
|---|---|---|---|
| 999 |
_c28917 _d28917 |
||
| 003 | OSt | ||
| 005 | 20250529104801.0 | ||
| 008 | 250310s9999||||xx |||||||||||||| ||und|| | ||
| 020 | _a0-582-03535-X | ||
| 040 | _c. | ||
| 082 |
_a621.3 _bH8931 |
||
| 100 |
_950 _aHughes, Edward |
||
| 245 | 0 |
_aHughes Electrical Technology / _cEdward Hughes |
|
| 250 | _a6th ed. | ||
| 260 |
_aLondon : _bEnglish Language Book Society, _c1977. |
||
| 300 | _axviii, 710 p. | ||
| 942 |
_cBK _2ddc |
||